Lone wolf / (Record no. 2756)

MARC details
000 -LEADER
fixed length control field 00957cam a2200301 a 4500
005 - DATE AND TIME OF LATEST TRANSACTION
control field 20240112115858.0
020 ## - INTERNATIONAL STANDARD BOOK NUMBER
International Standard Book Number 9780545093101
020 ## - INTERNATIONAL STANDARD BOOK NUMBER
International Standard Book Number 9780545093118
020 ## - INTERNATIONAL STANDARD BOOK NUMBER
International Standard Book Number 0545093104
040 ## - CATALOGING SOURCE
Original cataloging agency DLC
Transcribing agency DLC
Modifying agency DLC
Language of cataloging eng
050 00 - LIBRARY OF CONGRESS CALL NUMBER
Classification number PZ7.L3274
Item number Lo 2010
082 00 - DEWEY DECIMAL CLASSIFICATION NUMBER
Classification number 813.6
Edition number 22
100 1# - MAIN ENTRY--PERSONAL NAME
Personal name Lasky, Kathryn
245 10 - TITLE STATEMENT
Title Lone wolf /
Statement of responsibility, etc. Kathryn Lasky
250 ## - EDITION STATEMENT
Edition statement This edition first printing, April 2011
260 ## - PUBLICATION, DISTRIBUTION, ETC.
Place of publication, distribution, etc. New York :
Name of publisher, distributor, etc. Scholastic Press,
Date of publication, distribution, etc. 2010.
300 ## - PHYSICAL DESCRIPTION
Extent 219 pages :
Other physical details map ;
Dimensions 20 cm
490 0# - SERIES STATEMENT
Series statement Wolves of the Beyond ;
Volume/sequential designation Book 1
505 ## - FORMATTED CONTENTS NOTE
Formatted contents note V
520 ## - SUMMARY, ETC.
Summary, etc. Abandoned by his pack, a baby wolf with a mysterious mark on his deformed paw survives and embarks on a journey that will change the world of the wolves of the Beyond.
521 ## - TARGET AUDIENCE NOTE
Target audience note 890
Source Lexile
521 ## - TARGET AUDIENCE NOTE
Target audience note V
Source Raz-Plus
650 #1 - SUBJECT ADDED ENTRY--TOPICAL TERM
Topical term or geographic name entry element Wolves
Form subdivision Fiction.
650 #1 - SUBJECT ADDED ENTRY--TOPICAL TERM
Topical term or geographic name entry element Fantasy.
906 ## - LOCAL DATA ELEMENT F, LDF (RLIN)
a 7
b cbc
c orignew
d 1
e ecip
f 20
g y-gencatlg
942 ## - ADDED ENTRY ELEMENTS (KOHA)
Source of classification or shelving scheme Dewey Decimal Classification
Koha item type Books
Suppress in OPAC No
999 ## -
-- 2756
-- 2756
Holdings
Withdrawn status Lost status Source of classification or shelving scheme Damaged status Not for loan Collection Home library Current library Shelving location Date acquired Total Checkouts Full call number Barcode Date last seen Price effective from Koha item type
    Dewey Decimal Classification     Juvenile Fiction Footprints International School Library Network Toul Kork Campus Footprints International School Library Network Toul Kork Campus TTP Secondary Fiction Bookshelves 01/12/2024   LAS 813.6 PZ7.L3274 FIS00380 01/12/2024 01/12/2024 Books